000 00597cam a2200229 4500
008 090401t1992 xxu||||| |||| 00| 0 eng d
020 _a0950963828
035 _a(Sirsi) u26730
041 _aeng
050 _a333.3
100 _aMcKay, Peter H.
245 2 _aA guide to the retention of modern records on landed estates.
260 _bHistoric Houses Archivists Group
_c1992
300 _a43p. ; 30cm.
350 _a35
650 _aARCHIVES
650 _aLANDED ESTATES
690 _aLAND
710 _aHistoric Houses Archivists Group
_9561
942 _n0
948 _c04/03/1997
999 _c88974
_d88974